000 00845nam a2200265Ia 4500
003 OSt
005 20220928131439.0
006 a|||||r|||| 00| 0
007 ta
008 220927b |||||||| |||| 00| 0 eng d
020 _cUSD 50.00
024 _a135086
037 _b196, 08/03/2017, Classic Book Service
_cTextual
040 _aSDCL
_cSDCL
_beng
041 _2eng
_aeng
082 _aX62.41'P, Q6
100 _aSheng Andrew Ed.
_9478182
245 0 _aShadow banking in China
_b An opportunity for financial reform
260 _aChichester
_bWiley
_c2016
300 _axxix,257p.
_ccm.
650 _aBusiness Economics
_9391653
700 _a NG Chow Soon Ed.
_9478183
942 _hX62.41'P, Q6
_cTEXL
_2CC
999 _c790683
_d790683